[Event "Ufa-ch sf2"]
[Site "Ufa"]
[Date "2012.05.23"]
[Round "3"]
[White "Tagirov, Kajum K"]
[Black "Valiullin, Artur"]
[Result "0-1"]
[WhiteElo "1901"]
[BlackElo "1967"]
[PlyCount "90"]
[EventDate "2012.05.21"]
[EventType "swiss"]
[EventRounds "9"]
[EventCountry "RUS"]
[SourceTitle "EXT 2014"]
[Source "ChessBase"]
[SourceDate "2013.11.20"]
[SourceVersion "1"]
[SourceVersionDate "2013.11.20"]
[SourceQuality "1"]

1. d4 Nf6 2. Nf3 d5 3. c4 c6 4. Qc2 g6 5. Bg5 Bg7 6. Nbd2 0-0 7. e3 Na6 8. h3 Bf5 9. Qb3 Qa5 10. Bxf6 Bxf6 11. a3 e6 12. Bd3 dxc4 13. Qxc4 b5 14. Qc2 Nb4 15. Qc3 Nxd3+ 16. Ke2 Qxc3 17. bxc3 g5 18. e4 Nf4+ 19. Kf1 Bg6 20. g3 Nh5 21. Ke2 h6 22. Ke3 c5 23. Rag1 cxd4+ 24. cxd4 Rac8 25. Rc1 Be7 26. Nb1 Nf6 27. Nfd2 b4 28. axb4 Bxb4 29. f4 a5 30. fxg5 hxg5 31. h4 gxh4 32. gxh4 Nh5 33. Nf3 a4 34. Ne5 a3 35. Rcg1 Kh7 36. Rh2 Bd6 37. Ra2 Bxe5 38. dxe5 Rc4 39. Nd2 Rc3+ 40. Kd4 Rh3 41. Nc4 Rxh4 42. Nd6 Ra8 43. Rga1 Ra4+ 44. Kc5 Rh3 45. Nc4 Rc3 0-1

[Event "Ufa Kopylov Memorial op 8th"]
[Site "Ufa"]
[Date "2011.12.24"]
[Round "8"]
[White "Mustaev, Rafail"]
[Black "Tagirov, Kajum K"]
[Result "0-1"]
[WhiteElo "1744"]
[BlackElo "1898"]
[PlyCount "120"]
[EventDate "2011.12.17"]
[EventType "swiss"]
[EventRounds "9"]
[EventCountry "RUS"]
[SourceTitle "CBM 146 Extra"]
[Source "ChessBase"]
[SourceDate "2012.02.29"]
[SourceVersion "1"]
[SourceVersionDate "2012.02.29"]
[SourceQuality "1"]

1. d4 d5 2. b3 Bf5 3. Bb2 e6 4. g3 Nf6 5. Bg2 Nbd7 6. Nf3 h6 7. 0-0 Be7 8. Nbd2 0-0 9. Re1 Ne4 10. a3 Ndf6 11. Ne5 Nxd2 12. Qxd2 Ne4 13. Bxe4 dxe4 14. a4 Bg5 15. Qd1 c6 16. Bc1 Be7 17. c3 Qc7 18. Ba3 Bxa3 19. Rxa3 b5 20. f3 h5 21. fxe4 Bxe4 22. Rf1 f6 23. Nf3 Rfd8 24. axb5 cxb5 25. b4 a5 26. bxa5 Rxa5 27. Rxa5 Qxa5 28. Qa1 Qc7 29. Qb2 Bc6 30. Qb4 Kh7 31. Qb2 Re8 32. c4 Bxf3 33. Rxf3 bxc4 34. Rc3 Rc8 35. Qc2+ g6 36. Kf2 Qc6 37. h4 Qd5 38. e3 Rc7 39. Qc1 e5 40. dxe5 fxe5 41. Kg1 Kg7 42. Qf1 Qe4 43. Kh2 Qg4 44. Qe1 Qe4 45. Qf1 Qd5 46. Qg2 Qxg2+ 47. Kxg2 Kf6 48. Kf3 Ke6 49. Ke4 Rc5 50. Rc1 c3 51. Kd3 Kf5 52. Rxc3 Rxc3+ 53. Kxc3 Kg4 54. Kc4 Kxg3 55. Kd5 Kg4 56. Kxe5 g5 57. hxg5 Kxg5 58. Kd5 h4 59. e4 h3 60. e5 h2 0-1

[Event "Ufa Siamidi Memorial"]
[Site "Ufa"]
[Date "2011.10.17"]
[Round "2.17"]
[White "Gusev, Fedor"]
[Black "Tagirov, Kajum K"]
[Result "0-1"]
[WhiteElo "1549"]
[BlackElo "1901"]
[PlyCount "62"]
[EventDate "2011.10.16"]
[EventType "swiss"]
[EventRounds "9"]
[EventCountry "RUS"]
[SourceTitle "EXT 2012"]
[Source "ChessBase"]
[SourceDate "2011.11.24"]
[SourceVersion "1"]
[SourceVersionDate "2011.11.24"]
[SourceQuality "1"]

1. e4 c5 2. Nf3 d6 3. c4 Nf6 4. d3 h6 5. Nc3 Bg4 6. Be2 e5 7. Nd5 Nxd5 8. exd5 Nd7 9. Nd2 Bxe2 10. Qxe2 Be7 11. 0-0 0-0 12. Ne4 f5 13. Ng3 f4 14. Ne4 Nf6 15. f3 Nxe4 16. Qxe4 Qd7 17. Bd2 Qe8 18. Be1 Qh5 19. Bf2 Kh8 20. g4 fxg3 21. Bxg3 Bg5 22. Rad1 Bf4 23. Kg2 Rf6 24. Rg1 Raf8 25. Rdf1 Bd2 26. Rf2 Bf4 27. Kf1 Bc1 28. Kg2 Bf4 29. Rgf1 Qg5 30. Rg1 Qh5 31. Rgf1 Rf5 0-1

[Event "Moscow op-E"]
[Site "Moscow"]
[Date "2011.02.06"]
[Round "9.205"]
[White "Tagirov, Kajum K"]
[Black "Krutov, Sergey"]
[Result "1-0"]
[WhiteElo "1881"]
[BlackElo "2066"]
[PlyCount "108"]
[EventDate "2011.01.29"]
[EventType "swiss"]
[EventRounds "9"]
[EventCountry "RUS"]
[SourceTitle "EXT 2022"]
[Source "ChessBase"]
[SourceDate "2021.10.06"]
[SourceVersion "1"]
[SourceVersionDate "2021.10.06"]
[SourceQuality "1"]

1. c4 Nf6 2. g3 g6 3. b4 Bg7 4. Bb2 0-0 5. Bg2 c6 6. d4 d5 7. c5 Bf5 8. Nd2 a5 9. a3 axb4 10. axb4 Rxa1 11. Bxa1 Na6 12. Qb3 Qa8 13. Bb2 Rb8 14. b5 Nc7 15. b6 Na6 16. Ngf3 Ne4 17. 0-0 Nxd2 18. Nxd2 e5 19. e3 exd4 20. Bxd4 Bxd4 21. exd4 Re8 22. Nf3 Qc8 23. Re1 Rxe1+ 24. Nxe1 Qe6 25. Qe3 Qxe3 26. fxe3 Nb4 27. Kf2 Na2 28. Nf3 f6 29. Nd2 Nc3 30. Nb3 Kf7 31. Na5 Bc8 32. Ke1 f5 33. Bf1 Ne4 34. Nb3 Nf6 35. Be2 g5 36. Nc1 Ke6 37. Nd3 Nd7 38. g4 Kf6 39. Nf2 Nf8 40. h3 h6 41. Nd3 Ne6 42. gxf5 Nd8 43. Kf2 Bxf5 44. Kg3 Nf7 45. Nb4 Nd8 46. Nd3 Nf7 47. Nf2 Kg6 48. Bf3 Nd8 49. e4 dxe4 50. Nxe4 Bxe4 51. Bxe4+ Kf6 52. Kg4 Ne6 53. Bxc6 Nxd4 54. Bxb7 Ke6 1-0

[Event "Moscow op-E"]
[Site "Moscow"]
[Date "2011.02.03"]
[Round "6.187"]
[White "Tagirov, Kajum K"]
[Black "Bykov, Evgeny Mikhailovich"]
[Result "0-1"]
[WhiteElo "1881"]
[BlackElo "2049"]
[PlyCount "72"]
[EventDate "2011.01.29"]
[EventType "swiss"]
[EventRounds "9"]
[EventCountry "RUS"]
[SourceTitle "EXT 2022"]
[Source "ChessBase"]
[SourceDate "2021.10.06"]
[SourceVersion "1"]
[SourceVersionDate "2021.10.06"]
[SourceQuality "1"]

1. b4 e5 2. Bb2 d6 3. e3 Be6 4. Nf3 f5 5. d4 e4 6. Nfd2 d5 7. a3 Bd6 8. c4 c6 9. Nc3 Nd7 10. g3 Ngf6 11. Qa4 dxc4 12. b5 Nb6 13. Qc2 Qd7 14. a4 cxb5 15. Nxb5 Bb4 16. Bc3 Nfd5 17. Rb1 Bxc3 18. Nxc3 Nxc3 19. Qxc3 Nxa4 20. Qa3 b5 21. Qb4 a6 22. Be2 Kf7 23. 0-0 Rhb8 24. f3 a5 25. Qa3 b4 26. Qc1 Nc3 27. Bxc4 Bxc4 28. Nxc4 Ne2+ 29. Kf2 Nxc1 30. Ne5+ Ke6 31. Nxd7 Nd3+ 32. Ke2 Kxd7 33. fxe4 fxe4 34. Rf7+ Ke6 35. Rbf1 b3 36. R1f5 b2 0-1

[Event "Moscow op-E"]
[Site "Moscow"]
[Date "2011.02.02"]
[Round "5.165"]
[White "Samdanov, Samdan"]
[Black "Tagirov, Kajum K"]
[Result "1-0"]
[WhiteElo "2101"]
[BlackElo "1881"]
[PlyCount "121"]
[EventDate "2011.01.29"]
[EventType "swiss"]
[EventRounds "9"]
[EventCountry "RUS"]
[SourceTitle "EXT 2022"]
[Source "ChessBase"]
[SourceDate "2021.10.06"]
[SourceVersion "1"]
[SourceVersionDate "2021.10.06"]
[SourceQuality "1"]

1. d4 Nf6 2. c4 e6 3. Nc3 Bb4 4. Qc2 c5 5. dxc5 Bxc5 6. Nf3 b6 7. Bf4 Bb7 8. Nb5 0-0 9. Nd6 Bxf3 10. gxf3 Bb4+ 11. Kd1 e5 12. Nxf7 Rxf7 13. Bxe5 Nc6 14. Bg3 d5 15. e3 dxc4+ 16. Kc1 b5 17. a4 a6 18. Bh3 Qe8 19. axb5 axb5 20. Rxa8 Qxa8 21. Be6 Na5 22. Qf5 Nb3+ 23. Kc2 Nc5 24. Bxf7+ Kxf7 25. Be5 Qa4+ 26. Kb1 Ncd7 27. Bxf6 Nxf6 28. e4 Qb3 29. Qxb5 c3 30. Qb7+ Kf8 31. Qb8+ Ne8 32. Qf4+ Kg8 33. Qc1 cxb2 34. Qxb2 Qxb2+ 35. Kxb2 Bd6 36. Kb3 Kf7 37. Kc4 Bf4 38. Rb1 Ke6 39. h3 h5 40. Kd4 Nd6 41. Rb8 Nf7 42. Re8+ Kf6 43. Kd5 g6 44. h4 g5 45. hxg5+ Kxg5 46. Ke6 Ne5 47. Rg8+ Kh4 48. Kf5 Bh2 49. f4 Nd3 50. e5 Nxf4 51. e6 Nd5 52. Rd8 Ne7+ 53. Kf6 Nc6 54. Rc8 Be5+ 55. Kf7 Nd4 56. Rc4 Kh3 57. Rxd4 Bxd4 58. e7 Bxf2 59. e8Q h4 60. Qe4 Bg3 61. Kg6 1-0

[Event "Moscow op-E"]
[Site "Moscow"]
[Date "2011.01.29"]
[Round "1.155"]
[White "Tagirov, Kajum K"]
[Black "Shuvalov, Evgenij"]
[Result "0-1"]
[WhiteElo "1881"]
[BlackElo "2255"]
[PlyCount "128"]
[EventDate "2011.01.29"]
[EventType "swiss"]
[EventRounds "9"]
[EventCountry "RUS"]
[SourceTitle "EXT 2022"]
[Source "ChessBase"]
[SourceDate "2021.10.06"]
[SourceVersion "1"]
[SourceVersionDate "2021.10.06"]
[SourceQuality "1"]

1. e4 e6 2. d4 d5 3. Nd2 Nf6 4. e5 Nfd7 5. Bd3 c5 6. c3 Nc6 7. Ne2 cxd4 8. cxd4 f6 9. exf6 Nxf6 10. 0-0 Bd6 11. Nf3 Qc7 12. Bg5 0-0 13. Bh4 Qb6 14. Nc3 Bd7 15. Nb5 Bf4 16. b3 Rac8 17. Nc3 Nxd4 18. Nxd4 Rxc3 19. Ne2 Rxd3 20. Qxd3 Bb5 21. Qf3 Ne4 22. Nxf4 Bxf1 23. Rxf1 Qd6 24. Rc1 Rxf4 25. Rc8+ Rf8 26. Rxf8+ Qxf8 27. Qg4 Qf5 28. Qxf5 exf5 29. Be7 Kf7 30. Bb4 d4 31. Kf1 b6 32. Ke2 Ke6 33. f3 Nf6 34. Kd3 Kd5 35. Bf8 Ne8 36. Ba3 Nc7 37. Bb2 Ne6 38. Bc1 Nc5+ 39. Kc2 a5 40. Bg5 Ne6 41. Bc1 g5 42. g3 g4 43. fxg4 fxg4 44. Kd3 Nc5+ 45. Ke2 Ke4 46. Bg5 Ne6 47. Bf6 b5 48. Be7 a4 49. bxa4 bxa4 50. Bf6 Nc5 51. Be7 Nd3 52. Kd2 Ne5 53. Kc2 Nf3 54. Kb2 d3 55. Bb4 Nxh2 56. Ka3 Nf1 57. Kxa4 Nxg3 58. Kb3 Ne2 59. Bc5 g3 60. a4 Nd4+ 61. Kc3 Nc6 62. Kd2 h5 63. Ke1 h4 64. Bb6 h3 0-1

[Event "Bashkortostan-ch"]
[Site "Oktjabrsky"]
[Date "2010.12.16"]
[Round "4.8"]
[White "Tagirov, Kajum K"]
[Black "Litvinov, Maxim"]
[Result "1-0"]
[WhiteElo "1895"]
[BlackElo "1734"]
[PlyCount "151"]
[EventDate "2010.12.14"]
[EventType "swiss"]
[EventRounds "9"]
[EventCountry "RUS"]
[SourceTitle "EXT 2022"]
[Source "ChessBase"]
[SourceDate "2021.10.06"]
[SourceVersion "1"]
[SourceVersionDate "2021.10.06"]
[SourceQuality "1"]

1. e4 e5 2. Nf3 Nc6 3. Bb5 a6 4. Ba4 Nf6 5. 0-0 b5 6. Bb3 Be7 7. Re1 0-0 8. c3 d6 9. h3 Na5 10. Bc2 c5 11. a4 Bd7 12. d3 Nc6 13. Na3 Qb8 14. Bg5 h6 15. Be3 Qb7 16. Qd2 Rfc8 17. Nh2 Bf8 18. Bd1 Na5 19. b4 Nc6 20. a5 cxb4 21. cxb4 d5 22. Bc5 Bxc5 23. bxc5 d4 24. Bb3 Be6 25. Rab1 Bxb3 26. Rxb3 Qc7 27. Nc2 Nd7 28. Ra3 Qa7 29. Rf1 Nxc5 30. f4 f6 31. Ng4 Rab8 32. Nb4 Nxb4 33. Qxb4 h5 34. Nh2 Qe7 35. fxe5 fxe5 36. Ra2 Nd7 37. Qb1 Rf8 38. Qb3+ Kh8 39. Nf3 Rfc8 40. Raf2 Rc3 41. Qd1 Rbc8 42. Ne1 Nf6 43. g4 h4 44. g5 Nh7 45. g6 Qg5+ 46. Rg2 Qe3+ 47. Kh1 Nf6 48. Rxf6 Kg8 49. Rf1 Qxh3+ 50. Kg1 Qe3+ 51. Rgf2 Qg3+ 52. Ng2 Qxg6 53. Qf3 Rc2 54. Qh3 Qg3 55. Qxh4 Qxh4 56. Nxh4 Rxf2 57. Rxf2 Rc1+ 58. Rf1 Rc3 59. Rd1 b4 60. Nf3 Rc5 61. Rb1 Rb5 62. Nd2 Rxa5 63. Rxb4 Ra3 64. Rb3 Rxb3 65. Nxb3 Kf7 66. Na5 Ke6 67. Nc4 Kf6 68. Kf2 Kg5 69. Kg3 Kf6 70. Kg4 g6 71. Kh4 Kg7 72. Kg5 Kf7 73. Nxe5+ Ke6 74. Nc4 Kf7 75. Ne5+ Kg7 76. Nxg6 1-0

[Event "Uljanovsk Povolje op"]
[Site "Uljanovsk"]
[Date "2010.11.22"]
[Round "6"]
[White "Tagirov, Kajum K"]
[Black "Seyfutdinov, Rustam"]
[Result "0-1"]
[WhiteElo "1895"]
[BlackElo "1738"]
[PlyCount "71"]
[EventDate "2010.11.19"]
[EventType "swiss"]
[EventRounds "9"]
[EventCountry "RUS"]
[SourceTitle "CBM 139 Extra"]
[Source "ChessBase"]
[SourceDate "2011.01.05"]
[SourceVersion "1"]
[SourceVersionDate "2011.01.05"]
[SourceQuality "1"]

1. b4 d5 2. Bb2 Nf6 3. Nf3 Bf5 4. e3 e6 5. c4 Be7 6. Be2 0-0 7. a3 Nbd7 8. 0-0 Rc8 9. c5 c6 10. Nh4 Bg6 11. Nxg6 hxg6 12. f4 Ne8 13. Nc3 Bf6 14. d4 Nc7 15. Bd3 Be7 16. Bc1 f5 17. g4 Nf6 18. g5 Ne4 19. Nxe4 dxe4 20. Bc4 Nd5 21. Bd2 Kf7 22. Kg2 Rh8 23. Kg3 Bxg5 24. Kg2 Bf6 25. Rh1 Qe7 26. Qe2 Rh6 27. Rag1 Rch8 28. Kf1 Rh3 29. Rg2 Bh4 30. a4 Qf6 31. b5 Rf3+ 32. Kg1 Nxf4 33. h3 Nxe2+ 34. Bxe2 Rg3 35. Rhh2 f4 36. Bg4 0-1

[Event "Chigorin Memorial 18th"]
[Site "St Petersburg"]
[Date "2010.10.29"]
[Round "2"]
[White "Tagirov, Kajum K"]
[Black "Palachev, Petr"]
[Result "1-0"]
[WhiteElo "1895"]
[BlackElo "2195"]
[PlyCount "79"]
[EventDate "2010.10.28"]
[EventType "swiss"]
[EventRounds "9"]
[EventCountry "RUS"]
[SourceTitle "EXT 2011"]
[Source "ChessBase"]
[SourceDate "2010.11.26"]
[SourceVersion "1"]
[SourceVersionDate "2010.11.26"]
[SourceQuality "1"]

1. d4 d5 2. c4 e6 3. Nc3 c6 4. Nf3 Nf6 5. Bg5 dxc4 6. e4 b5 7. e5 h6 8. Bh4 g5 9. Bg3 Nd5 10. a3 Bb7 11. Be2 Nd7 12. h4 g4 13. Nd2 Qb6 14. Nde4 h5 15. 0-0 Be7 16. Nd6+ Bxd6 17. exd6 0-0-0 18. a4 a6 19. Qd2 Rdf8 20. Rfb1 c5 21. axb5 axb5 22. dxc5 Nxc5 23. Nxd5 Bxd5 24. b3 Ne4 25. Qf4 Nc3 26. Re1 cxb3 27. Qb4 Nxe2+ 28. Rxe2 Kb7 29. Rd1 Bc4 30. Red2 Ra8 31. d7 Bd5 32. Rxd5 exd5 33. Rxd5 Ra5 34. Rd6 Qd8 35. Qe4+ Ka7 36. Qd4+ Ka8 37. Qd5+ Ka7 38. Be5 b4 39. Bd4+ Kb8 40. Qc6 1-0